000 00849nam a22002777a 4500
003 CHAP
005 20220329134639.0
008 971013s1973 r 00010 d
010 _a23564
011 _a24536
035 _a28635
040 _cCHAP
082 _a001.6424
_bC4
100 0 0 _aChirlian, Paul M.
_922627
245 _aIntroduction to FORTRAN IV with timeshare and batch operation
260 _aNew York :
_bAcademic Press,
_c1973
300 _a291 p
590 _aBATCH-UPD
_b10
_c20130110
_lUCH01
_h2330
590 _aBATCH-UPD
_b10
_c20130409
_lUCH01
_h2221
590 _aBATCH-UPD
_b10
_c20130914
_lUCH01
_h1432
590 _aCONVERSION
_b10
_c20130109
_lUCH01
_h1314
650 1 4 _aFORTRAN (Programación)
_942651
901 _aBK
942 _cLIBRO
949 _a001.6424 C4
_bBC
_cLIBRO
_d33724000290441
_eLIBRO
_h32937
_i28635
_si
_t105.00
999 _c23564
_d23564